| 000 | 00975nam a2200253Ia 4500 | ||
|---|---|---|---|
| 003 | OSt | ||
| 005 | 20221005112303.0 | ||
| 006 | a|||||r|||| 00| 0 | ||
| 007 | ta | ||
| 008 | 221004b |||||||| |||| 00| 0 pan d | ||
| 020 |
_a9788178564173 _cIndian Rupees 350.00 |
||
| 024 | _a28013 | ||
| 037 |
_bGift, 04/11/2016, _cTextual |
||
| 040 |
_aCRL _cCRL _bpan |
||
| 041 |
_2pan _apan |
||
| 082 | _aO153,1NSI:g, Q4 | ||
| 100 | _aਬ੍ਰਹਮਜਗਦੀF ਸਿੰਘ | ||
| 245 | 0 |
_aਚਰਨ ਸਿੰਘ ਕਾਵਿ _b ਸਮਾਜਿਕ,ਸਭਿਆਚਾਰਕ ਅਤੇ ਸਾਹਿਤਿਕ ਸਰੋਕਾਰ |
|
| 260 |
_aਅੰਮ੍ਰਿਤਸਰ _bਵਾਰਿਸ Fਾਹ ਖ਼ਾਉ੍ਵਡੇFਨ ਭਾਰਤ _c2014 |
||
| 300 |
_a208ਪ੍ਰ0 _ccm. |
||
| 650 | _aਪੰਜਾਬੀ ਸਾਹਿਤ | ||
| 942 |
_hO153,1NSI:g, Q4 _cTEXL _2cc |
||
| 999 |
_c1024427 _d1024427 |
||